02313nam a2200253Ia 4500999001500000020001800015082001900033100002300052245008800075260003700163300001400200440002700214440002100241440002500262440002100287440002200308504003400330520146500364650004701829650002801876796001901904942001201923952012401935 c9341d9341 a9781137570680 a 320.01bPAI-P aPaipais, Vassilios aPolitical Ontology and International Political Thoughtb: Voiding a Pluralist World aLondonbPalgrave Macmillanc2017 axiv, 241p aInternational Relation aPolitical Theory aAgonistic Ontologies aPluralist World  aPolitical Science aincludes references and index aThis book challenges received notions of ontology in political theory and international relations by offering a psychoanalytically informed critique of depoliticisation in prominent liberal, post-liberal, dialogic and agonistic approaches to pluralism in world politics. Paipais locates the temptation of depoliticisation in their labouring under the fundamental fantasy of various guises of foundationalism (in the form of either political anthropology or ontology as 'in the last instance' ground) or, conversely, anti-foundationalism (the denial of all grounds, yet still operating within a foundationalist imaginary). He argues, instead, for a formal political ontology of the void (against historicism) shot through an 'incarnate' messianic nihilism (against ethicism and teleological forms of politics). In so doing, the author offers critical readings of the messianic nihilism of Benjamin, Agamben, Taubes and Zizek by problematising the antinomian tendencies in their respective political theologies. The book argues for a version of Zizek's Badiouian politics of militancy supplemented by a proper participatory understanding of St Paul's messianic ontology and incarnational Christology as a means to reconceptualise the nexus between subjectivity, universality and political action in world politics. It will be of interest to students and scholars of International Relations theory, political theory, critical social theory and political theology. aPolitical ontologyvInternational politics aPolitical phenomenology aBrowning, Gary cRB2ddc 00104071aNASSDOCbNASSDOCd2018-03-26eOPi2018-02-28l0oRR 320.5 PAI-Pp49873r2019-04-18 00:00:00w2019-04-18yRB